Statistiques concernant Stations du métro parisien - ligne 9

Cliquez ici pour prendre le quiz!

Statistiques générales

  • Ce quiz a été pris 82 fois
  • Le résultat moyen est 24 sur 37

Statistiques - réponses

Stations% Correct
Pont de Sèvres
87%
Mairie de Montreuil
80%
Ranelagh
78%
République
78%
Trocadéro
78%
Franklin D. Roosevelt
77%
Iéna
75%
Jasmin
75%
Michel-Ange - Molitor
75%
Miromesnil
75%
Grands Boulevards
73%
Nation
73%
Rue de la Pompe (Avenue Georges Mandel)
73%
Porte de Saint-Cloud (Parc des Princes)
72%
Alma - Marceau
70%
Havre - Caumartin
70%
La Muette
70%
Michel-Ange - Auteuil
70%
Saint-Augustin
70%
Bonne Nouvelle
68%
Billancourt
67%
Marcel Sembat
67%
Strasbourg - Saint-Denis
67%
Exelmans
63%
Oberkampf
63%
Porte de Montreuil
63%
Saint-Philippe du Roule
62%
Voltaire
57%
Charonne
53%
Chaussée d'Antin - La Fayette
53%
Richelieu - Drouot
53%
Croix de Chavaux
48%
Rue des Boulets
48%
Saint-Ambroise
47%
Buzenval
43%
Maraîchers
42%
Robespierre
42%

Distribution des résultats

Percentile par nombre de réponses

% des personnes avec chaque résultat

Votre développement - résultats

Vous n’avez pas pris ce quiz